Načítá se...
Windows 95 for dummies
| Hlavní autor: | |
|---|---|
| Médium: | Printed Book |
| Vydáno: |
New Delhi:
Prentice-Hall
1995.
|
| LEADER | 00409nam a22001217a 4500 | ||
|---|---|---|---|
| 082 | |a 005.43769 | ||
| 100 | |a Rathbone, Andy | ||
| 245 | |a Windows 95 for dummies |c Andy Rathbone | ||
| 260 | |a New Delhi: |b Prentice-Hall |c 1995. | ||
| 300 | |a 368p. | ||
| 942 | |c BK | ||
| 999 | |c 263318 |d 263318 | ||
| 952 | |0 0 |1 0 |4 0 |6 005_437690000000000_RAT_W |7 0 |9 298328 |a CCS |b CCS |c GEN |d 2016-06-22 |g 0.00 |l 0 |o 005.43769 RAT/W |p CCS766 |r 2016-08-30 |w 2016-08-30 |y BK | ||